[Event "Muensterland Verbandsklasse 2526"]
[Site "Germany"]
[Date "2025.12.13"]
[Round "4"]
[Board "4"]
[White "Schmitz, Carolin"]
[Black "Stalz, Manfred"]
[Result "1/2-1/2"]
[WhiteElo "1616"]
[BlackElo "1704"]
[WhiteFideId "-1"]
[BlackFideId "-1"]
[PlyCount "58"]
[GameId "2257464275021963"]
[EventDate "2025.??.??"]
[EventType "team-tourn"]
[EventRounds "9"]
[EventCountry "GER"]
[SourceTitle "Verband Muensterland"]
[SourceDate "2026.01.17"]
[SourceVersion "1"]
[SourceVersionDate "2026.01.17"]
[SourceQuality "1"]
[WhiteTeam "Steinfurt II"]
[BlackTeam "Billerbeck"]
[WhiteTeamCountry "GER"]
[BlackTeamCountry "GER"]

1. e4 e6 2. d4 d5 3. exd5 exd5 4. Nf3 Bg4 5. Be2 Nf6 6. O-O Bd6 7. Ne5 Bxe2 8. Qxe2 O-O 9. Bg5 c6 10. Nd2 Re8 11. f4 Nbd7 12. Qd3 Qb6 13. Kh1 c5 14. c4 cxd4 15. Nxd7 Nxd7 16. cxd5 Re3 17. Qf5 Qb5 18. a4 g6 19. axb5 gxf5 20. Nc4 Bc5 21. Nxe3 dxe3 22. Rfe1 Re8 23. Re2 Re4 24. Rc1 Kg7 25. h3 f6 26. Bh4 Rxf4 27. Bg3 Rb4 28. Bc7 Rxb5 29. Bf4 Nb6 1/2-1/2

[Event "Muensterland Verbandsklasse 2526"]
[Site "Germany"]
[Date "2025.12.13"]
[Round "4"]
[Board "5"]
[White "Korschunow, Dennis"]
[Black "Raus, Christina"]
[Result "1/2-1/2"]
[WhiteElo "1648"]
[BlackElo "1557"]
[WhiteFideId "-1"]
[BlackFideId "-1"]
[PlyCount "80"]
[GameId "2257464275021965"]
[EventDate "2025.??.??"]
[EventType "team-tourn"]
[EventRounds "9"]
[EventCountry "GER"]
[SourceTitle "Verband Muensterland"]
[SourceDate "2026.01.17"]
[SourceVersion "1"]
[SourceVersionDate "2026.01.17"]
[SourceQuality "1"]
[WhiteTeam "Billerbeck"]
[BlackTeam "Steinfurt II"]
[WhiteTeamCountry "GER"]
[BlackTeamCountry "GER"]

1. d4 d5 2. Nc3 Nf6 3. Bf4 c6 4. e3 Bf5 5. f3 e6 6. g4 Bg6 7. h4 h5 8. g5 Ng8 9. Bd3 Bd6 10. Bxg6 fxg6 11. Qd3 Ne7 12. Nge2 Rf8 13. O-O-O Qc7 14. Bxd6 Qxd6 15. e4 Nd7 16. e5 Qb4 17. Ng3 O-O-O 18. Qe3 Rf7 19. Nce2 Rdf8 20. Rhf1 Nb6 21. b3 a5 22. Rd3 Kd7 23. a4 Nbc8 24. Nc3 Nf5 25. Nxf5 Rxf5 26. Ne2 Ne7 27. Kb2 R5f7 28. c3 Qb6 29. Ng3 Nf5 30. Nxf5 Rxf5 31. f4 Qa6 32. Kc2 b6 33. Rf2 Qc8 34. Kd2 c5 35. dxc5 Qxc5 36. Qxc5 bxc5 37. Ke3 Rb8 38. c4 d4+ 39. Ke4 Rff8 40. Rb2 Rb4 1/2-1/2

[Event "Muensterland Verbandsklasse 2526"]
[Site "Germany"]
[Date "2025.11.13"]
[Round "4"]
[Board "6"]
[White "Weiermann, Ewald"]
[Black "Strumann, Kjartan Bjoern"]
[Result "0-1"]
[WhiteElo "1603"]
[BlackElo "1767"]
[WhiteFideId "-1"]
[BlackFideId "-1"]
[PlyCount "112"]
[GameId "2257464275021967"]
[EventDate "2025.??.??"]
[EventType "team-tourn"]
[EventRounds "9"]
[EventCountry "GER"]
[SourceTitle "Verband Muensterland"]
[SourceDate "2026.01.17"]
[SourceVersion "1"]
[SourceVersionDate "2026.01.17"]
[SourceQuality "1"]
[WhiteTeam "Steinfurt II"]
[BlackTeam "Billerbeck"]
[WhiteTeamCountry "GER"]
[BlackTeamCountry "GER"]

1. d4 Nf6 2. c4 e6 3. Nc3 Bb4 4. Bd2 O-O 5. Nf3 b6 6. e3 d5 7. a3 Bxc3 8. Bxc3 Ne4 9. Bd3 Bb7 10. O-O dxc4 11. Bxc4 Nd7 12. Bd3 c5 13. Nd2 Nxc3 14. bxc3 Nf6 15. Be2 Rc8 16. Bf3 Qd7 17. Bxb7 Qxb7 18. Qb3 Rc7 19. Rac1 Rfc8 20. Rc2 cxd4 21. exd4 Ne4 22. Nb1 Qa6 23. Rd1 Qc4 24. Qxc4 Rxc4 25. Rdc1 Nd6 26. Kf1 Nb5 27. Nd2 Rxc3 28. Rxc3 Rxc3 29. Rxc3 Nxc3 30. Nb3 a5 31. Na1 Kf8 32. Ke1 Ke7 33. Nc2 Kd6 34. Kd2 Ne4+ 35. Ke3 Kd5 36. f3 Nd6 37. Kd3 Nc4 38. Kc3 b5 39. Kb3 h5 40. Kc3 Nxa3 41. Ne3+ Kd6 42. Kb3 Nc4 43. Nc2 h4 44. h3 Nb6 45. Ne3 Nd5 46. Nd1 f5 47. Kc2 f4 48. Kd3 Ne3 49. Nc3 b4 50. Ne2 g5 51. Nc1 a4 52. Na2 b3 53. Nc3 b2 54. Nb5+ Kc6 55. Na3 Kd5 56. Kc3 Nc4 0-1

[Event "Muensterland Verbandsklasse 2526"]
[Site "Germany"]
[Date "2025.11.13"]
[Round "4"]
[Board "7"]
[White "Tendam, Heiner"]
[Black "Radisic, Sascha"]
[Result "0-1"]
[WhiteElo "1494"]
[BlackElo "1561"]
[WhiteFideId "-1"]
[BlackFideId "-1"]
[PlyCount "70"]
[GameId "2257464275021969"]
[EventDate "2025.??.??"]
[EventType "team-tourn"]
[EventRounds "9"]
[EventCountry "GER"]
[SourceTitle "Verband Muensterland"]
[SourceDate "2026.01.17"]
[SourceVersion "1"]
[SourceVersionDate "2026.01.17"]
[SourceQuality "1"]
[WhiteTeam "Billerbeck"]
[BlackTeam "Steinfurt II"]
[WhiteTeamCountry "GER"]
[BlackTeamCountry "GER"]

1. e4 c5 2. c4 g6 3. Nf3 Bg7 4. Be2 Nc6 5. O-O Nf6 6. Nc3 O-O 7. d3 d6 8. Nd5 Nxd5 9. cxd5 Nd4 10. Rb1 Nxf3+ 11. Bxf3 b5 12. b4 cxb4 13. Rxb4 Qa5 14. Qb3 Bd7 15. Bb2 Bxb2 16. Qxb2 Rfc8 17. Rb1 Rc7 18. h4 Rac8 19. h5 Rc2 20. Qd4 Qxa2 21. Ra1 Qxa1+ 22. Qxa1 Rc1+ 23. Qxc1 Rxc1+ 24. Kh2 a5 25. Rb2 a4 26. hxg6 hxg6 27. d4 a3 28. Ra2 b4 29. e5 Bb5 30. Be2 Bxe2 31. Rxe2 b3 32. exd6 exd6 33. Re8+ Kg7 34. Rd8 b2 35. Rxd6 b1=Q 0-1

[Event "Muensterland Verbandsklasse 2526"]
[Site "Germany"]
[Date "2025.12.13"]
[Round "4"]
[Board "8"]
[White "Melcher, Guenter Herbert"]
[Black "Heinrich, Luis"]
[Result "1/2-1/2"]
[WhiteElo "1542"]
[BlackElo "1425"]
[WhiteFideId "-1"]
[BlackFideId "-1"]
[PlyCount "133"]
[GameId "2257464275021971"]
[EventDate "2025.??.??"]
[EventType "team-tourn"]
[EventRounds "9"]
[EventCountry "GER"]
[SourceTitle "Verband Muensterland"]
[SourceDate "2026.01.17"]
[SourceVersion "1"]
[SourceVersionDate "2026.01.17"]
[SourceQuality "1"]
[WhiteTeam "Steinfurt II"]
[BlackTeam "Billerbeck"]
[WhiteTeamCountry "GER"]
[BlackTeamCountry "GER"]

1. d4 d5 2. c4 e6 3. Nf3 Nf6 4. Nc3 c5 5. cxd5 exd5 6. Bg5 Be7 7. e3 O-O 8. dxc5 Bxc5 9. Bxf6 Qxf6 10. Qxd5 Bb4 11. Qd4 Qe7 12. Rd1 Nc6 13. Qd2 Bg4 14. Be2 Rad8 15. Qc2 Bxf3 16. Bxf3 Nd4 17. Rxd4 Rxd4 18. O-O Rh4 19. Nd5 Qe5 20. g3 Bd6 21. Nf4 Rh6 22. Qc3 Qxc3 23. bxc3 Bxf4 24. gxf4 b6 25. Bd5 Rc8 26. c4 Rd6 27. e4 Kf8 28. a4 Rg6+ 29. Kh1 Rg4 30. f5 g6 31. f3 Rh4 32. fxg6 hxg6 33. f4 Rh3 34. f5 g5 35. Ra1 Ke7 36. Kg2 Rch8 37. Rh1 Ra3 38. Bc6 Rc8 39. Bb5 Rd8 40. Re1 Rd2+ 41. Kg1 Raa2 42. f6+ Kxf6 43. e5+ Ke7 44. Bc6 Re2 45. Rxe2 Rxe2 46. Bd5 Rxe5 47. Kf2 f5 48. Kf3 Kf6 49. h3 Re1 50. Kg3 Re3+ 51. Kg2 Rb3 52. Bc6 a6 53. Bb7 b5 54. axb5 axb5 55. cxb5 Rxb5 56. Bf3 Rb4 57. Kg3 Rh4 58. Bd1 f4+ 59. Kg2 Ke5 60. Bf3 Kd4 61. Bb7 g4 62. hxg4 Rxg4+ 63. Kf2 Rg3 64. Bf3 Kd3 65. Be2+ Ke4 66. Bd1 Re3 67. Bc2+ 1/2-1/2

[Event "Muensterland Verbandsklasse 2526"]
[Site "Germany"]
[Date "2025.12.13"]
[Round "4"]
[Board "1"]
[White "Pohl, Tim"]
[Black "Wenning, Niels"]
[Result "1/2-1/2"]
[WhiteElo "1945"]
[BlackElo "1915"]
[WhiteFideId "-1"]
[BlackFideId "-1"]
[PlyCount "158"]
[GameId "2257464340083242"]
[EventDate "2025.??.??"]
[EventType "team-tourn"]
[EventRounds "9"]
[EventCountry "GER"]
[SourceTitle "Verband Muensterland"]
[SourceDate "2026.01.17"]
[SourceVersion "1"]
[SourceVersionDate "2026.01.17"]
[SourceQuality "1"]
[WhiteTeam "Telgte"]
[BlackTeam "Greven"]
[WhiteTeamCountry "GER"]
[BlackTeamCountry "GER"]

1. e4 e5 2. Nf3 Nc6 3. Bc4 Nf6 4. Ng5 d5 5. exd5 Na5 6. Bb5+ c6 7. dxc6 bxc6 8. Bd3 Nd5 9. Nf3 Bd6 10. Nc3 O-O 11. O-O f5 12. Be2 e4 13. Ne1 Nb7 14. d3 Nc5 15. Nxd5 cxd5 16. c4 f4 17. dxe4 dxe4 18. b4 Nd3 19. Nxd3 exd3 20. Bf3 Rb8 21. Qxd3 Qf6 22. Bd2 Bxb4 23. Rab1 Bf5 24. Qd5+ Be6 25. Bxb4 Bxd5 26. Bxd5+ Kh8 27. Bxf8 Qxf8 28. Rxb8 Qxb8 29. c5 Qe5 30. Rd1 g5 31. h3 h5 32. c6 g4 33. hxg4 hxg4 34. Rc1 Qb2 35. Re1 g3 36. Rf1 Qd4 37. Be6 Qc5 38. Bd7 Kg7 39. Kh1 gxf2 40. Kh2 Qh5+ 41. Bh3 Qc5 42. Rxf2 Qxc6 43. Rxf4 Qd6 44. Kg3 Kg6 45. Kf3 Qd5+ 46. Re4 Qxa2 47. Be6 Qa3+ 48. Re3 Qa1 49. Kf2 a5 50. Re1 Qd4+ 51. Kf3 Kf6 52. Re2 Qd3+ 53. Re3 Qd1+ 54. Kf2 a4 55. Ba2 Qd4 56. Bg8 Qd2+ 57. Re2 Qf4+ 58. Kg1 Qc1+ 59. Kh2 Qh6+ 60. Kg1 Qc1+ 61. Kh2 a3 62. Rf2+ Kg5 63. Rf3 Qb2 64. Bf7 a2 65. Bxa2 Qxa2 66. Rg3+ Kf5 67. Rf3+ Ke4 68. Kg1 Qa1+ 69. Kh2 Qe1 70. Rh3 Kf4 71. Rf3+ Kg4 72. Rh3 Qe5+ 73. Kg1 Qa1+ 74. Kh2 Qe1 75. Rf3 Qh4+ 76. Kg1 Qe7 77. Kh2 Qe2 78. Kg1 Qxf3 79. gxf3+ Kxf3 1/2-1/2

[Event "Muensterland Verbandsklasse 2526"]
[Site "Germany"]
[Date "2025.12.13"]
[Round "4"]
[Board "2"]
[White "Kecker, Lars"]
[Black "Dieckmann, Werner"]
[Result "1/2-1/2"]
[WhiteElo "1866"]
[BlackElo "1740"]
[WhiteFideId "-1"]
[BlackFideId "-1"]
[PlyCount "62"]
[GameId "2257464340083244"]
[EventDate "2025.??.??"]
[EventType "team-tourn"]
[EventRounds "9"]
[EventCountry "GER"]
[SourceTitle "Verband Muensterland"]
[SourceDate "2026.01.17"]
[SourceVersion "1"]
[SourceVersionDate "2026.01.17"]
[SourceQuality "1"]
[WhiteTeam "Greven"]
[BlackTeam "Telgte"]
[WhiteTeamCountry "GER"]
[BlackTeamCountry "GER"]

1. d4 Nf6 2. Bf4 g6 3. Nf3 Bg7 4. Nc3 d5 5. e3 c6 6. Be2 O-O 7. Ne5 Nbd7 8. g4 Nxe5 9. Bxe5 Qb6 10. Rb1 Qa5 11. f3 b5 12. b4 Qd8 13. a4 bxa4 14. Nxa4 a5 15. b5 cxb5 16. Bxb5 Ba6 17. Qd3 Bxb5 18. Rxb5 e6 19. Kd2 Nd7 20. Bg3 f5 21. gxf5 Rxf5 22. Ke2 Bf8 23. Rb7 Rf7 24. Qb5 Rc8 25. c3 Rc4 26. Rb1 Qc8 27. Qxa5 Rxa4 28. Qxa4 Nc5 29. dxc5 Rxb7 30. Rxb7 Qxb7 31. Qb4 Qa6+ 1/2-1/2

[Event "Muensterland Verbandsklasse 2526"]
[Site "Germany"]
[Date "2025.12.13"]
[Round "4"]
[Board "3"]
[White "Stepa, Rainer"]
[Black "Schaefertoens, Robert"]
[Result "1/2-1/2"]
[WhiteElo "1737"]
[BlackElo "1774"]
[WhiteFideId "-1"]
[BlackFideId "-1"]
[PlyCount "60"]
[GameId "2257464340083246"]
[EventDate "2025.??.??"]
[EventType "team-tourn"]
[EventRounds "9"]
[EventCountry "GER"]
[SourceTitle "Verband Muensterland"]
[SourceDate "2026.01.17"]
[SourceVersion "1"]
[SourceVersionDate "2026.01.17"]
[SourceQuality "1"]
[WhiteTeam "Telgte"]
[BlackTeam "Greven"]
[WhiteTeamCountry "GER"]
[BlackTeamCountry "GER"]

1. d4 e6 2. c4 d5 3. e3 Nf6 4. Nc3 c6 5. a3 Nbd7 6. f4 b6 7. Nf3 Bb7 8. Be2 Be7 9. b4 dxc4 10. Bxc4 Nd5 11. Bd2 O-O 12. O-O N7f6 13. Qe2 Rc8 14. Rfe1 Nxc3 15. Bxc3 Nd5 16. Bb2 c5 17. dxc5 bxc5 18. b5 Bf6 19. Rad1 Bxb2 20. Qxb2 Qa5 21. g3 Qc3 22. Qxc3 Nxc3 23. Rc1 Nxb5 24. Bxb5 Bxf3 25. e4 Bh5 26. h3 f6 27. Bd7 Rc7 28. Bxe6+ Bf7 29. Bxf7+ Kxf7 30. Kf2 Rb8 1/2-1/2

[Event "Muensterland Verbandsklasse 2526"]
[Site "Germany"]
[Date "2025.12.13"]
[Round "4"]
[Board "4"]
[White "Volk, Hans Ludwig"]
[Black "Koenig, Michael"]
[Result "1/2-1/2"]
[WhiteElo "1756"]
[BlackElo "1670"]
[WhiteFideId "-1"]
[BlackFideId "-1"]
[PlyCount "143"]
[GameId "2257464340083248"]
[EventDate "2025.??.??"]
[EventType "team-tourn"]
[EventRounds "9"]
[EventCountry "GER"]
[SourceTitle "Verband Muensterland"]
[SourceDate "2026.01.17"]
[SourceVersion "1"]
[SourceVersionDate "2026.01.17"]
[SourceQuality "1"]
[WhiteTeam "Greven"]
[BlackTeam "Telgte"]
[WhiteTeamCountry "GER"]
[BlackTeamCountry "GER"]

1. c4 e5 2. Nc3 Nf6 3. e4 Bb4 4. d3 c6 5. Bd2 d5 6. exd5 cxd5 7. Be2 O-O 8. Nxd5 Bxd2+ 9. Qxd2 Nxd5 10. cxd5 Qxd5 11. Bf3 Qb5 12. Ne2 Rd8 13. Rd1 Bf5 14. Nc3 Qd7 15. Be4 Nc6 16. O-O Nb4 17. Qg5 g6 18. a3 Nc6 19. Nd5 Kg7 20. Nf6 h6 21. Nxd7 hxg5 22. Bxc6 Bxd7 23. Bxd7 Rxd7 24. Rd2 Rad8 25. Rfd1 e4 26. d4 f5 27. Kf1 Kf6 28. Ke2 f4 29. h3 Kf5 30. Rc1 g4 31. Rc5+ Rd5 32. hxg4+ Kxg4 33. f3+ Kf5 34. fxe4+ Kxe4 35. Rc7 R8d7 36. Rc8 Re7 37. Rf8 g5 38. Kf2 Rg7 39. Re8+ Kf5 40. g3 Rgd7 41. gxf4 Kxf4 42. Rd3 g4 43. Rf8+ Ke4 44. Re3+ Kxd4 45. Rf4+ Kc5 46. b4+ Kb5 47. Rxg4 Rd2+ 48. Kf3 Ka4 49. Rc4 R2d3 50. Rc3 Rxe3+ 51. Kxe3 a5 52. bxa5 Kxa5 53. Rc4 b5 54. Rc3 Rd1 55. Ke2 Ra1 56. Kd2 Ka4 57. Kc2 Rxa3 58. Rc8 Ra2+ 59. Kb1 Rh2 60. Rc3 b4 61. Rg3 Rd2 62. Rf3 Kb5 63. Rf4 b3 64. Rg4 Rc2 65. Rf4 Rc4 66. Rf2 Ra4 67. Rg2 Kb4 68. Rg4+ Ka3 69. Rxa4+ Kxa4 70. Kb2 Kb4 71. Kb1 Kc3 72. Kc1 1/2-1/2

[Event "Muensterland Verbandsklasse 2526"]
[Site "Germany"]
[Date "2025.12.13"]
[Round "4"]
[Board "5"]
[White "Rex, Dieter"]
[Black "Toews, Andreas"]
[Result "1/2-1/2"]
[WhiteElo "1643"]
[BlackElo "1675"]
[WhiteFideId "-1"]
[BlackFideId "-1"]
[PlyCount "139"]
[GameId "2257464340091442"]
[EventDate "2025.??.??"]
[EventType "team-tourn"]
[EventRounds "9"]
[EventCountry "GER"]
[SourceTitle "Verband Muensterland"]
[SourceDate "2026.01.17"]
[SourceVersion "1"]
[SourceVersionDate "2026.01.17"]
[SourceQuality "1"]
[WhiteTeam "Telgte"]
[BlackTeam "Greven"]
[WhiteTeamCountry "GER"]
[BlackTeamCountry "GER"]

1. Nf3 Nf6 2. d4 d5 3. c4 c6 4. e3 Bf5 5. Nc3 e6 6. a3 Be7 7. b4 O-O 8. Bb2 Nbd7 9. Be2 Ne4 10. O-O Qc7 11. Rc1 a6 12. cxd5 Nxc3 13. Rxc3 exd5 14. Qb3 Qd6 15. Nd2 Qh6 16. Bd3 Bd6 17. g3 Be6 18. Rfc1 Nf6 19. Qc2 Rfe8 20. Bf5 Qh5 21. Bxe6 Rxe6 22. Nf1 Ne4 23. Rb3 Qf3 24. Re1 Rf6 25. Re2 Ng5 26. h4 Nh3+ 27. Kh2 Nxf2 28. Rxf2 Qxf2+ 29. Qxf2 Rxf2+ 30. Kg1 Rf6 31. Kg2 Re8 32. Bc1 g6 33. Nh2 Rfe6 34. Nf3 f6 35. Kf2 Re4 36. Nh2 Kg7 37. Kf3 h5 38. Rc3 g5 39. hxg5 fxg5 40. Nf1 g4+ 41. Kg2 Kg6 42. Rc2 Rf8 43. Re2 Rf7 44. Nh2 Bc7 45. Bd2 Bb6 46. Bc3 Bd8 47. Nf1 Bg5 48. Bd2 Rf3 49. Bc1 Rf7 50. Rc2 Rfe7 51. Kf2 h4 52. Re2 Rf7+ 53. Kg2 h3+ 54. Kg1 Re8 55. Nh2 Kh5 56. Nf1 Bd8 57. Bd2 Bb6 58. Bc3 Bc7 59. Be1 Ref8 60. Nh2 b6 61. Rc2 Rf6 62. Rc1 Re6 63. Rc3 Bb8 64. Nf1 Ba7 65. Rc2 Rfe8 66. Rf2 R8e7 67. Bd2 Re4 68. Rf8 Rg7 69. Rf6 Rg6 70. Rf8 1/2-1/2

[Event "Muensterland Verbandsklasse 2526"]
[Site "Germany"]
[Date "2025.12.13"]
[Round "4"]
[Board "6"]
[White "Soppe, Peter"]
[Black "Kuhlenbaeumer, Alfred"]
[Result "0-1"]
[WhiteElo "1547"]
[BlackElo "1781"]
[WhiteFideId "-1"]
[BlackFideId "-1"]
[PlyCount "56"]
[GameId "2257464340091444"]
[EventDate "2025.??.??"]
[EventType "team-tourn"]
[EventRounds "9"]
[EventCountry "GER"]
[SourceTitle "Verband Muensterland"]
[SourceDate "2026.01.17"]
[SourceVersion "1"]
[SourceVersionDate "2026.01.17"]
[SourceQuality "1"]
[WhiteTeam "Greven"]
[BlackTeam "Telgte"]
[WhiteTeamCountry "GER"]
[BlackTeamCountry "GER"]

1. c4 e5 2. Nc3 Nf6 3. g3 Bc5 4. Bg2 d6 5. e3 a6 6. Nge2 O-O 7. O-O Nbd7 8. d4 Ba7 9. b3 Rb8 10. a4 Re8 11. d5 Bc5 12. e4 c6 13. Be3 Bxe3 14. fxe3 Qb6 15. Rf3 cxd5 16. a5 Qa7 17. Nxd5 Nxd5 18. Qxd5 Nf6 19. Rxf6 gxf6 20. Kf2 Be6 21. Qxd6 Rbd8 22. Qb6 Qxb6 23. axb6 Rd2 24. Bf3 Rb2 25. Ra3 Rd8 26. c5 Rxb3 27. Rxb3 Bxb3 28. Bg4 Be6 0-1

[Event "Muensterland Verbandsklasse 2526"]
[Site "Germany"]
[Date "2025.12.13"]
[Round "4"]
[Board "7"]
[White "Stephan, Matthias"]
[Black "Kuestermann, Dieter"]
[Result "1-0"]
[WhiteElo "1660"]
[BlackElo "1580"]
[WhiteFideId "-1"]
[BlackFideId "-1"]
[PlyCount "57"]
[GameId "2257464340091446"]
[EventDate "2025.??.??"]
[EventType "team-tourn"]
[EventRounds "9"]
[EventCountry "GER"]
[SourceTitle "Verband Muensterland"]
[SourceDate "2026.01.17"]
[SourceVersion "1"]
[SourceVersionDate "2026.01.17"]
[SourceQuality "1"]
[WhiteTeam "Telgte"]
[BlackTeam "Greven"]
[WhiteTeamCountry "GER"]
[BlackTeamCountry "GER"]

1. d4 d5 2. c4 e6 3. Nc3 Nf6 4. Nf3 a6 5. a4 Be7 6. g3 O-O 7. Bg2 c6 8. O-O dxc4 9. e4 h6 10. Bf4 Bd7 11. Nd2 b5 12. axb5 cxb5 13. e5 Nd5 14. Nxd5 exd5 15. Bxd5 Bc6 16. Be4 Qxd4 17. Qc2 Qb6 18. b3 cxb3 19. Nxb3 Bxe4 20. Qxe4 Qc6 21. Qe2 Nd7 22. Rac1 Qb7 23. e6 Nf6 24. Rc7 Qd5 25. Rxe7 Qxb3 26. Qe5 Qd5 27. Qc7 Ne8 28. Qc2 Qd8 29. Rd7 1-0

[Event "Muensterland Verbandsklasse 2526"]
[Site "Germany"]
[Date "2025.12.13"]
[Round "4"]
[Board "8"]
[White "Soppe, Victoria"]
[Black "Uekoetter, Klemens"]
[Result "0-1"]
[WhiteElo "1471"]
[BlackElo "1478"]
[WhiteFideId "-1"]
[BlackFideId "-1"]
[PlyCount "70"]
[GameId "2257464340091448"]
[EventDate "2025.??.??"]
[EventType "team-tourn"]
[EventRounds "9"]
[EventCountry "GER"]
[SourceTitle "Verband Muensterland"]
[SourceDate "2026.01.17"]
[SourceVersion "1"]
[SourceVersionDate "2026.01.17"]
[SourceQuality "1"]
[WhiteTeam "Greven"]
[BlackTeam "Telgte"]
[WhiteTeamCountry "GER"]
[BlackTeamCountry "GER"]

1. d4 e6 2. e3 c5 3. c3 cxd4 4. exd4 d5 5. Bd3 Nf6 6. f4 Bd6 7. Nf3 Ne4 8. O-O O-O 9. Be3 f5 10. Ne5 Nc6 11. Nd2 Ne7 12. g4 Ng6 13. Nxg6 hxg6 14. g5 Kf7 15. Qe1 Rh8 16. h4 a6 17. Nf3 Bd7 18. Kg2 Bb5 19. Bxb5 axb5 20. a3 Qc7 21. Kh3 Rh5 22. Nd2 Nxd2 23. Bxd2 Rah8 24. Qf2 Rxh4+ 25. Qxh4 Rxh4+ 26. Kxh4 Qc4 27. Be3 Qe2 28. Kg3 Qxe3+ 29. Rf3 Bxf4+ 30. Kg2 Qe2+ 31. Rf2 Qg4+ 32. Kf1 Bxg5 33. a4 bxa4 34. Rxa4 Qd1+ 35. Kg2 Qxa4 0-1

[Event "Muensterland Verbandsklasse 2526"]
[Site "Germany"]
[Date "2025.12.13"]
[Round "4"]
[Board "1"]
[White "Georg, Felix"]
[Black "Huelsmann, Josef"]
[Result "1-0"]
[WhiteElo "2042"]
[BlackElo "2011"]
[WhiteFideId "-1"]
[BlackFideId "-1"]
[PlyCount "131"]
[GameId "2264427418410192"]
[EventDate "2025.??.??"]
[EventType "team-tourn"]
[EventRounds "9"]
[EventCountry "GER"]
[SourceTitle "Verband Muensterland"]
[SourceDate "2026.01.17"]
[SourceVersion "1"]
[SourceVersionDate "2026.01.17"]
[SourceQuality "1"]
[WhiteTeam "Nordkirchen"]
[BlackTeam "Nordwalde"]
[WhiteTeamCountry "GER"]
[BlackTeamCountry "GER"]

1. d4 d5 2. c4 e6 3. Nf3 c6 4. Qc2 Nd7 5. Bf4 Ngf6 6. e3 Nh5 7. Bg5 Be7 8. Bxe7 Qxe7 9. Nc3 O-O 10. Bd3 Nhf6 11. cxd5 exd5 12. O-O Re8 13. Rab1 b6 14. b4 Bb7 15. Nd2 Qd6 16. a4 Rac8 17. Rfc1 Nf8 18. a5 N6d7 19. Na4 g6 20. h4 Ne6 21. h5 Kg7 22. f4 Nef8 23. a6 Ba8 24. Nf1 Nf6 25. hxg6 hxg6 26. Qf2 Ng4 27. Qf3 f5 28. Be2 Nd7 29. Qg3 Ndf6 30. Bxg4 Nxg4 31. Rc3 Rh8 32. Qf3 Qf6 33. Rb2 Rce8 34. g3 Rh3 35. Nh2 Reh8 36. Rcc2 Qe6 37. Re2 Nf6 38. Nf1 Ne4 39. Rh2 Rxh2 40. Nxh2 Rh3 41. Nf1 Qc8 42. Qg2 Rh5 43. Qe2 Nd6 44. Nc3 Nc4 45. Ra2 Qf8 46. Qd3 Qxb4 47. Rg2 Qf8 48. g4 fxg4 49. Rxg4 Qf5 50. Qxf5 Rxf5 51. Ng3 Rf8 52. f5 Nxe3 53. Rxg6+ Kh7 54. Re6 Nc2 55. Re7+ Kh6 56. Nge2 b5 57. Rxa7 b4 58. Na4 b3 59. f6 Kg6 60. f7 Kg7 61. Nb2 c5 62. dxc5 d4 63. Nf4 Rxf7 64. Rxa8 Rxf4 65. Rb8 d3 66. a7 1-0

[Event "Muensterland Verbandsklasse 2526"]
[Site "Germany"]
[Date "2025.12.13"]
[Round "4"]
[Board "2"]
[White "Lerke, Bernd"]
[Black "Husemann, Andreas"]
[Result "1/2-1/2"]
[WhiteElo "1869"]
[BlackElo "1858"]
[WhiteFideId "-1"]
[BlackFideId "-1"]
[PlyCount "75"]
[GameId "2264427418426578"]
[EventDate "2025.??.??"]
[EventType "team-tourn"]
[EventRounds "9"]
[EventCountry "GER"]
[SourceTitle "Verband Muensterland"]
[SourceDate "2026.01.17"]
[SourceVersion "1"]
[SourceVersionDate "2026.01.17"]
[SourceQuality "1"]
[WhiteTeam "Nordwalde"]
[BlackTeam "Nordkirchen"]
[WhiteTeamCountry "GER"]
[BlackTeamCountry "GER"]

1. c4 Nf6 2. Nc3 e5 3. e3 Bb4 4. Nf3 Nc6 5. Be2 O-O 6. O-O Re8 7. Qc2 Bf8 8. a3 a5 9. b3 d6 10. h3 g6 11. Bb2 Bg7 12. Rad1 Bf5 13. e4 Bd7 14. Rfe1 Nd4 15. Nxd4 exd4 16. Nb5 Bxb5 17. cxb5 Nxe4 18. Bf3 d3 19. Qxd3 Nxf2 20. Rxe8+ Qxe8 21. Kxf2 Bxb2 22. Bxb7 Rb8 23. Bc6 Qe5 24. a4 Bd4+ 25. Kf1 Bb6 26. Qf3 Qd4 27. Ke2 Qe5+ 28. Kd3 Qd4+ 29. Kc2 Rf8 30. Bd5 Bc5 31. Re1 Bb4 32. Re2 Qa1 33. Qf4 Qa2+ 34. Kd3 Qb1+ 35. Kd4 Bc5+ 36. Kc3 Bb4+ 37. Kd4 Bc5+ 38. Kc3 1/2-1/2

[Event "Muensterland Verbandsklasse 2526"]
[Site "Germany"]
[Date "2025.12.13"]
[Round "4"]
[Board "3"]
[White "Jendrich, Manuel"]
[Black "Hols, Bernhard"]
[Result "1-0"]
[WhiteElo "1832"]
[BlackElo "1792"]
[WhiteFideId "-1"]
[BlackFideId "-1"]
[PlyCount "111"]
[GameId "2264427418434772"]
[EventDate "2025.??.??"]
[EventType "team-tourn"]
[EventRounds "9"]
[EventCountry "GER"]
[SourceTitle "Verband Muensterland"]
[SourceDate "2026.01.17"]
[SourceVersion "1"]
[SourceVersionDate "2026.01.17"]
[SourceQuality "1"]
[WhiteTeam "Nordkirchen"]
[BlackTeam "Nordwalde"]
[WhiteTeamCountry "GER"]
[BlackTeamCountry "GER"]

1. e4 c5 2. d4 cxd4 3. Qxd4 Nc6 4. Qd3 d6 5. Nc3 g6 6. Nf3 Bg7 7. Be2 Nf6 8. O-O O-O 9. Nd5 Nxd5 10. exd5 Bf5 11. Qd1 Nb4 12. c3 Nc2 13. g4 Nxa1 14. gxf5 Qb6 15. fxg6 hxg6 16. Bd2 Qxb2 17. Qxa1 Qxa1 18. Rxa1 Rfc8 19. Rc1 Rc5 20. c4 Rac8 21. a4 b6 22. Bd3 Kf8 23. Ng5 R5c7 24. Be3 Bb2 25. Rc2 Ba3 26. Kg2 Bc5 27. Kf3 Kg7 28. Bc1 Bd4 29. h4 Rh8 30. Kg3 Bf6 31. f4 Rc5 32. Bd2 Rcc8 33. Be3 Rce8 34. f5 Bxg5 35. hxg5 gxf5 36. Bd4+ f6 37. Bxf5 Rh5 38. gxf6+ exf6 39. Be6 Rg5+ 40. Kf3 Rf8 41. Be3 Rh5 42. Rg2+ Kh7 43. Kg4 Rh1 44. Bf4 Rd8 45. Kf5 Rf1 46. Rg4 Rf8 47. Rg2 a6 48. Rg3 b5 49. cxb5 axb5 50. axb5 Ra8 51. Rg4 Ra4 52. b6 Rb4 53. b7 Rxb7 54. Kxf6 Rh1 55. Bxd6 Rb6 56. Bf4 1-0